01137nam a2200217Ia 4500999001700000082002300017100003200040245005500072260002800127500024200155650002700397650003600424650003400460650002200494650002700516650003600543710003200579942001200611952014800623952014800771 c15403d15403 aRR 330.06054 IND-I aIndian Economic Association 0aIndian Economic Association 88th conference volume aPatnabthe authorc2005 acontents: Part. 1. World trade organisation (WTO) and India; economic thought on justice and equity (x, 768) - pt. 2. Indian public finance and the 12th finance commission; Policies and programmes for employment in India (viii, 772-1449) aFinance, PublicvIndia aIndiavFinance commisionvIndia aIndiavEconomic policyvIndia aEmploymentvIndia aManpower policyvIndia aWorld Trade OrganisationvIndia aIndian Economic Association cBK2ddc 00104070aNASSDOCbNASSDOCd2007-03-28eGifted by : ICSSRhV.1i2006-11-08l0oRR 330.06054 IND-Ip43339r2019-04-18 00:00:00w2019-04-18yBK 00104070aNASSDOCbNASSDOCd2007-03-28eGifted by : ICSSRhV.2i2006-11-08l0oRR 330.06054 IND-Ip43340r2019-04-18 00:00:00w2019-04-18yBK